[Event "HokkaidoChessCh2023"]
[Site "?"]
[Date "2023.03.26"]
[Round "5.2"]
[White "Matsumoto, Kenshin"]
[Black "Akai, Kiyotaka"]
[Result "0-1"]
[WhiteElo "1413"]
[BlackElo "1705"]
[Annotator "Fritz 11 SE (30s)"]
[PlyCount "58"]
[SourceDate "2023.03.26"]

{D32: Tarrasch Defence: Sidelines and lines without g3} 1. d4 d5 2. c4 e6 3.
Nc3 c5 4. cxd5 exd5 5. Nf3 Nc6 6. e3 Nf6 7. dxc5 Bxc5 8. a3 (8. Be2 O-O 9. O-O
Bg4 10. h3 Be6 11. b3 Qe7 12. Bb2 a6 13. Rc1 Ba7 14. Bd3 Rfd8 15. Ne2 Ne4 16.
Ned4 Nb4 17. Bb1 Rac8 18. Nxe6 Rxc1 19. Qxc1 fxe6 20. a3 Nc6 21. Bxe4 dxe4 22.
Nd2 Rd3 {Smyslov,V (2520)-Yudasin,L (2605) Biel 1993 1/2-1/2}) 8... a5 $146 {
Black has a very active position} (8... O-O 9. Be2 a6 10. b4 d4 11. exd4 Bxd4
12. Nxd4 Nxd4 13. O-O Bf5 14. Bg5 Nxe2+ 15. Nxe2 Qxd1 16. Rfxd1 Ne4 17. Be3
Rfd8 18. f3 Nf6 19. Bb6 Rxd1+ 20. Rxd1 Rc8 21. Nd4 Bd7 22. Bc5 h6 23. Kf2 {
Grycel,K (2290)-Markiewicz,J (2241) Ustron 2003 1/2-1/2}) (8... a6 9. h3 O-O
10. Ne2 Ne4 11. b4 Ba7 12. Bb2 Qe7 13. Qb3 a5 14. b5 a4 15. Qc2 Na5 16. Ned4
Bd7 17. Qxa4 Nc4 18. Qb3 Bc5 19. Bxc4 dxc4 20. Qxc4 Rfc8 21. O-O Bxa3 22. Bxa3
Rxa3 23. Qd5 {Guseva,M (2195)-Burtasova,A (2160) Peniscola 2002 1-0 (34)}) 9.
Bd3 O-O 10. O-O Re8 11. Qc2 (11. h3 Ne5 $11) 11... Bf8 (11... Bg4 $5 $15) 12.
Rd1 Bg4 {Black has an active position} 13. Be2 Rc8 14. Qb3 {[%cal Rb3d5,Rc3d5,
Rd1d5,Gd8d5,Gf6d5] Increasing the pressure on the isolated pawn on d5. White
threatens to win material: Qb3xb7} Qe7 15. Nxd5 Nxd5 16. Qxd5 Rcd8 {Black
threatens to win material: Rd8xd5} (16... Ne5 17. Qxa5 Bxf3 18. Bxf3 Nxf3+ 19.
gxf3 $11) 17. Qb3 (17. Qb5 Rxd1+ 18. Bxd1 Qd8 $14) 17... Ne5 18. Bd2 Bxf3 19.
Bxf3 Rd3 (19... Nxf3+ $142 20. gxf3 Qf6 $11) 20. Qxb7 $4 {weakening the
position} (20. Bc3 $142 Nxf3+ 21. gxf3 Rxe3 22. fxe3 Qxe3+ 23. Kg2 Qe2+ 24. Kg3
$11) 20... Qxb7 $19 21. Bxb7 Red8 22. f4 Ng6 (22... Nc4 23. Ba6 Rxd2 24. Rxd2
Nxd2 25. Rc1 $19) 23. Re1 $2 (23. Rab1 $142 $17) 23... Rxd2 $19 24. Rab1 (24.
b4 axb4 25. axb4 Bxb4 $19) 24... Rb8 25. Be4 (25. Ba6 {doesn't change the
outcome of the game} Rbxb2 26. Rxb2 Rxb2 $19) 25... Rbxb2 26. Ra1 (26. Rxb2 {
doesn't get the cat off the tree} Rxb2 27. Rc1 Bxa3 28. Rc8+ Nf8 $19) 26... Bc5
27. h3 (27. Kh1 {cannot change what is in store for White} Re2 $19) 27... Nxf4
(27... f5 {and Black can already relax} 28. Bf3 Nh4 29. Rac1 Nxg2 30. Bxg2
Rxg2+ 31. Kh1 Rh2+ 32. Kg1 Bxa3 33. Rc8+ Kf7 34. Rc7+ Kg6 35. Rb1 $19) 28. Rac1
Ne6 (28... Nxg2 $6 {is not possible} 29. Rxc5 f5 30. Bxg2 Rxg2+ 31. Kh1 Rh2+
32. Kg1 Rbg2+ 33. Kf1 $17) 29. Kh1 g6 0-1

[Event "HokkaidoChessCh2023"]
[Site "?"]
[Date "2023.03.26"]
[Round "5.3"]
[White "Takeuchi, Hiroshi"]
[Black "Nakamura, Mitsuru"]
[Result "0-1"]
[WhiteElo "1418"]
[BlackElo "1413"]
[Annotator "Fritz 11 SE (30s)"]
[PlyCount "74"]
[SourceDate "2023.03.26"]

{D00: 1 d4 d5: Unusual lines} 1. d4 Nf6 2. Bf4 e6 3. e3 d5 4. Bd3 Be7 (4... c5
5. c3 Nc6 6. Nd2 Bd6 7. Bxd6 Qxd6 8. f4 Bd7 9. a3 Ne7 10. Ngf3 Qb6 11. Rb1 Bb5
12. Qe2 Bxd3 13. Qxd3 Nf5 14. Ne5 Nd6 15. O-O c4 16. Qc2 O-O 17. g4 Qc7 18. g5
Nfe4 19. Nxe4 {Zelbel,P (2385)-Svane,R (2427) Stroebeck 2013 1/2-1/2}) (4...
Bd6 5. Bg3 Bxg3 6. hxg3 Qd6 7. c3 c5 8. Nd2 Nc6 9. f4 h5 10. Ngf3 Ng4 11. Qe2
f5 12. Ng5 Bd7 13. Bb5 Nd8 14. Ndf3 g6 15. Ne5 Nxe5 16. dxe5 Qb6 17. Bxd7+ Kxd7
18. O-O-O Ke7 19. g4 {Carvajal,N (2334)-Diaz,J (2175) Medellin 2015 0-1 (52)})
5. h3 $146 {Secures g4} (5. Nd2 O-O 6. c3 c5 7. dxc5 Bxc5 8. Ngf3 Nc6 9. O-O
Re8 10. Bg5 e5 11. e4 dxe4 12. Nxe4 Be7 13. Bxf6 Bxf6 14. Nd6 Rf8 15. Be4 Qc7
16. Nxc8 Raxc8 17. Qa4 a6 18. Rfe1 Na5 19. Rad1 Rcd8 {Bogosavljevic,B (2302)
-Ravic,N (2151) Vrnjacka Banja 2006 1/2-1/2 (32)}) 5... h6 {Covers g5} 6. Nf3
Nbd7 7. Nbd2 c6 {Prevents intrusion on b5} 8. c3 {Covers b4} O-O 9. O-O a6 {
Controls b5} 10. Re1 {Black's piece can't move: c8} Re8 11. e4 dxe4 12. Nxe4 b5
13. Nd6 Bxd6 14. Bxd6 Nb6 15. Bh2 (15. Ba3 Bb7 $16) 15... Bb7 16. Ne5 Nbd7 (
16... Qe7 $142 $16) 17. Nf3 (17. a4 $5 Nxe5 18. Bxe5 Nd5 $16) 17... Qb6 (17...
Nb6 18. Qc2 $16) 18. Qc2 (18. b4 a5 $16) 18... Rad8 (18... c5 19. Ne5 $11) 19.
Ne5 (19. b4 a5 $16) 19... Nf8 (19... c5 $142 $5 $14 {must definitely be
considered}) 20. b4 Nd5 21. Rac1 f6 22. Ng6 (22. Nf3 Ra8 $16) 22... Bc8 (22...
Nxg6 23. Bxg6 Re7 24. Bg3 $16) 23. Nxf8 (23. Nf4 a5 24. a3 Re7 $16) 23... Rxf8
24. Qe2 Qb7 25. Qh5 Qe7 26. Qg6 f5 27. g4 (27. Be5 $5 $16) 27... Rf6 $11 {
Black threatens to win material: Rf6xg6} 28. Qh5 {Black king safety improved}
Rdf8 (28... fxg4 $142 $5 {has some apparent merit} 29. Qxg4 e5 $11) 29. gxf5
$16 Rxf5 $2 (29... Qd8 $142 $16) 30. Bxf5 $18 Rxf5 31. Qd1 $4 {White loses the
upper hand} (31. Qxf5 $142 $1 exf5 32. Rxe7 Nxe7 33. Bd6 $18) 31... Qf7 (31...
Qh4 32. Bg3 Qxh3 33. Re5 $11) 32. Re2 (32. Bg3 $142 $16) 32... Rg5+ $15 33. Kf1
$4 (33. Bg3 $142 {was a good chance to save the game} Nf4 34. h4 Nxe2+ 35. Qxe2
$11) 33... Qf3 $19 34. Ke1 (34. Re5 {doesn't do any good} Qh1+ (34... Qxh3+
$143 35. Ke1 Qxh2 36. Rxg5 hxg5 37. Qf3 $19) 35. Ke2 Qxh2 36. Rxg5 hxg5 $19)
34... Nxc3 (34... Rg2 $142 {and Black can already relax} 35. Qc2 Rxh2 36. Qe4
$19) 35. Rxc3 Qxc3+ 36. Qd2 Qxh3 37. Be5 (37. f4 Rh5 38. Rf2 $19) 37... Rg1#
0-1

[Event "HokkaidoChessCh2023"]
[Site "?"]
[Date "2023.03.26"]
[Round "5.4"]
[White "Nishimori, Toshiyuki"]
[Black "Kihara, Kotaro"]
[Result "1-0"]
[WhiteElo "1585"]
[BlackElo "1351"]
[Annotator "Fritz 11 SE (30s)"]
[PlyCount "155"]
[SourceDate "2023.03.26"]

{B01: Scandinavian Defence} 1. e4 d5 2. exd5 Nf6 3. d4 Nxd5 4. Nf3 g6 5. Bc4
Nb6 (5... c6 6. O-O Bg7 7. h3 O-O 8. Re1 Nd7 9. Nbd2 a5 10. a4 N7b6 11. Bf1 Bf5
12. c3 Qc7 13. Ne4 Rad8 14. Bg5 Rfe8 15. Qc1 Nc8 16. Ng3 Bd7 17. Bh6 Nd6 18. c4
Nf6 19. Bf4 Qc8 20. Qc3 {Wang,H (2739)-Nepomniachtchi,I (2718) St Petersburg
2012 0-1 (43)}) 6. Bb3 Nc6 $146 (6... Bg7 7. O-O O-O 8. c3 Nc6 9. Bg5 Na5 10.
Bc2 f6 11. Bc1 Kh8 12. Re1 e5 13. dxe5 Bg4 14. Qxd8 Raxd8 15. Nbd2 Rfe8 16.
exf6 Bxf6 17. Rxe8+ Rxe8 18. h3 Bf5 19. Bxf5 gxf5 20. Kf1 Nd5 21. Nb3 {
Ginzburg,M (2406)-Bademian Orchanian,J (2165) Punta del Este 1999 1-0 (41)}) 7.
Be3 {Black is behind in developement} Bg7 {[%cal Rc6d4,Rd8d4,Rg7d4,Gd1d4,Ge3d4,
Gf3d4] Pawn d4, live or die!} 8. c3 {Consolidates b4} (8. Nc3 O-O $11) 8... O-O
9. O-O Bf5 10. Nbd2 e5 (10... Qd7 11. Nc4 $11) 11. dxe5 Nxe5 12. Nxe5 Bxe5 13.
Re1 Re8 14. Qc1 Nd5 15. Nf3 Bf6 $4 (15... Nxe3 16. Rxe3 Bf6 17. Rxe8+ Qxe8 18.
Qf4 $11) 16. Bd4 (16. Rd1 $142 {and White takes home the point} c6 17. c4 $18)
16... Rxe1+ $14 17. Qxe1 Bxd4 (17... c6 18. h3 $14) 18. Nxd4 $16 Qd7 19. Rd1 (
19. Qe5 $5 c6 20. Re1 $16) 19... Re8 $11 {Black threatens to win material:
Re8xe1} 20. Qd2 Nb6 21. h3 {Controls g4} (21. Qf4 $142 $14) 21... h5 $4 {
letting the wind out of his own sails} (21... c5 $5 {should be considered} 22.
Nxf5 Qxf5 $11) 22. Qg5 $4 {with this move White loses his initiative} (22. Qh6
$142 {and White can look forward to a comfortable game} c6 23. Nf3 $18) 22...
c5 $14 23. Nxf5 Qxf5 24. Qxf5 gxf5 25. Kf1 Kg7 26. Bc2 {White threatens to win
material: Bc2xf5} Kf6 27. Rd6+ Re6 {Black threatens to win material: Re6xd6}
28. Rd2 f4 29. b3 {Consolidates a4+c4} Ke7 (29... h4 30. Rd8 $14) 30. c4 (30.
Bd1 Rd6 31. Rxd6 Kxd6 32. Bxh5 Nd5 $16) 30... Na8 $2 (30... Nd7 $142 $5 $14 {
would allow Black to play on}) 31. Rd5 $18 Rd6 (31... b6 32. Rxh5 Nc7 33. Rf5
$18) 32. Be4 (32. Rxc5 {makes it even easier for White} Rd2 33. Be4 Rxa2 34.
Bxb7 Nb6 35. Rxh5 Nd7 $18) 32... Ra6 (32... Rxd5 33. Bxd5 (33. cxd5 $6 Nc7 $14)
33... Nc7 34. Bxb7 $18) 33. a4 (33. Rxc5 $5 {seems even better} Rxa2 34. Bxb7
Nb6 35. Rxh5 Nd7 $18) 33... Rb6 34. Bc2 Rc6 (34... Nc7 35. Rxc5 Ne6 36. Rxh5
$18) 35. Rxh5 Nc7 36. Be4 Rb6 37. Rxc5 Ne6 (37... Kd6 38. Ra5 Rxb3 39. Rxa7 Rb4
40. Bxb7 Rxc4 $18) 38. Rb5 Rxb5 39. cxb5 Nd4 (39... Nc5 40. Bd5 $18) 40. Bd5 (
40. Bxb7 $142 $5 {might be the shorter path} Nxb3 41. Bd5 Nd4 $18) 40... b6 41.
g4 fxg3 42. fxg3 f6 43. Kf2 Kf8 (43... f5 {cannot change destiny} 44. Ke3 Nc2+
45. Kd2 $18) 44. g4 Kg7 45. Kg3 Ne2+ 46. Kh4 (46. Kf3 {makes it even easier
for White} Ng1+ 47. Kg2 Ne2 $18) 46... Nf4 (46... Kh6 47. Bc4 Nd4 48. Kg3 $18)
47. Bc4 Kh6 48. Bf7 (48. Kg3 $142 $5 {keeps an even firmer grip} Ng6 $18) 48...
Kg7 49. Bc4 Kh6 50. Kg3 Ng6 51. h4 Ne5 (51... Kg7 {is no salvation} 52. Bd3 Ne5
53. Bc2 $18) 52. Kf4 Ng6+ 53. Kg3 {Twofold repetition} Ne5 54. Be6 Ng6 55. Bf5
Ne7 56. Be4 Kg7 57. Kf4 Kh6 (57... Nc8 {is not much help} 58. Ke3 $18) 58. g5+
fxg5+ (58... Kg7 {doesn't get the bull off the ice} 59. g6 $18) 59. hxg5+ Kg7 (
59... Kh5 {hardly improves anything} 60. Bc6 Ng6+ 61. Kf5 Ne7+ 62. Kf6 Ng8+ 63.
Kf7 Kxg5 64. Kxg8 $18) 60. Ke5 Kf8 61. Ke6 Ke8 62. g6 Nxg6 63. Bxg6+ Kd8 64.
Kd6 Kc8 65. Be4 (65. b4 Kb8 66. a5 bxa5 67. bxa5 Kc8 68. Be4 Kd8 69. a6 Ke8 70.
b6 Kf7 71. bxa7 Kf8 72. a8=Q+ Kf7 73. Qb7+ Kf8 74. a7 Ke8 75. a8=Q#) 65... Kb8
(65... Kd8 {is not the saving move} 66. Bc6 Kc8 67. b4 Kb8 68. Be4 Kc8 69. a5
bxa5 70. bxa5 Kd8 71. a6 Ke8 72. b6 Kf7 73. bxa7 Kf8 74. a8=Q+ Kf7 75. Qb7+ Kf8
76. a7 Ke8 77. a8=Q#) 66. b4 Kc8 67. a5 Kb8 (67... bxa5 {does not save the day}
68. bxa5 Kd8 69. a6 Ke8 70. b6 Kf7 71. bxa7 Kf8 72. a8=Q+ Kf7 73. Qb7+ Kf8 74.
a7 Ke8 75. a8=Q#) 68. Kd7 bxa5 69. bxa5 a6 70. bxa6 Ka7 71. Bb7 Kb8 72. Kc6 Ka7
73. Kb5 (73. Bc8 Kb8 74. Bf5 Ka7 75. Kb5 Kb8 76. Kb6 Ka8 77. Be6 Kb8 78. a7+
Ka8 79. Bd5#) 73... Kb8 74. Be4 Ka7 (74... Kc7 {does not improve anything} 75.
a7 Kd6 76. a8=Q Ke5 77. a6 Kf4 78. a7 Kg4 79. Qg8+ Kf4 80. a8=Q Ke3 81. Qg3+
Kd2 82. Qa1 Ke2 83. Qae1#) 75. Bd5 (75. Bf5 Kb8 76. Kb6 Ka8 77. Be6 Kb8 78. a7+
Ka8 79. Bd5#) 75... Kb8 76. Kb6 Kc8 77. a7 Kd7 78. a8=Q (78. a8=Q Kd6 79. a6
Ke5 80. a7 Kd4 81. Qh8+ Kxd5 82. a8=Q+ Ke6 83. Qc6+ Kf5 84. Qh4 Ke5 85. Qhe4#)
1-0

[Event "HokkaidoChessCh2023"]
[Site "?"]
[Date "2023.03.26"]
[Round "5.5"]
[White "Furuse, Mizuki"]
[Black "Yoshii, Yukihiko"]
[Result "0-1"]
[WhiteElo "922"]
[BlackElo "1699"]
[Annotator "Fritz 11 SE (30s)"]
[PlyCount "106"]
[SourceDate "2023.03.26"]

{C68: Ruy Lopez: Exchange Variation, sidelines} 1. e4 e5 2. Nf3 Nc6 3. Bb5 a6
4. Bxc6 dxc6 5. O-O Bg4 6. h3 Bxf3 7. Qxf3 Nf6 8. d3 Be7 9. Nc3 O-O 10. Be3 Re8
$146 (10... c5 11. Kh1 Nd7 12. Qg3 Bd6 13. Qg4 Re8 14. Bg5 f6 15. Bd2 Nf8 16.
Nd5 Ne6 17. Rad1 c6 18. Ne3 Qd7 19. Nf5 Rad8 20. Be3 Bf8 21. g3 g6 22. f4 Kh8
23. Nh4 exf4 24. gxf4 Ng7 25. f5 {Elgabry,M (2271)-Abdel Aziem,R (2230) Cairo
2000 1/2-1/2 (60)}) 11. Rad1 c5 12. Rfe1 c6 {Controls b5+d5} 13. Ne2 Qc7 14.
Ng3 g6 {Prevents intrusion on f5+h5} 15. Bg5 {White threatens to win material:
Bg5xf6} Kg7 16. c3 h6 17. Bxf6+ Bxf6 18. Ne2 (18. Qg4 Kh7 $11) 18... Rad8 19.
Qg3 Qe7 20. Qf3 Rd7 21. Qe3 Red8 22. Qd2 $2 (22. f4 $142 $15 {and White can
hope to survive}) 22... c4 $1 $19 {Deflection: d3} 23. d4 (23. dxc4 Rxd2 {
Deflection Pinning}) 23... exd4 24. Nxd4 $4 {terrible, but what else could
White do to save the game?.} (24. cxd4 Qxe4 25. Qb4 b5 $19) 24... Bxd4 (24...
c5 $142 {and Black wins} 25. e5 Bxe5 $19 (25... cxd4 $6 {is no comparison} 26.
exf6+ Qxf6 27. Rb1 $19)) 25. cxd4 $17 Rxd4 26. Qxd4+ Rxd4 27. Rxd4 b5 (27...
Qe5 $142 28. Rxc4 Qxb2 $17) 28. f3 $4 (28. e5 $142 $15 {this is the best way
to fight back}) 28... Qb4 29. Rb1 Qa4 (29... Qc5 {seems even better} 30. Rbd1
b4 31. Kh1 $19) 30. a3 Qc2 31. Rdd1 a5 32. Rdc1 Qd3 33. Rd1 (33. Kf2 h5 $19)
33... Qe3+ 34. Kf1 h5 (34... Qb3 $142 $5 $19) 35. Rbc1 $17 a4 36. Rc3 Qc5 37.
Ke2 h4 38. Rd2 $4 {sad, but how else could White save the game?} (38. Kf1 Kf6
$17) 38... Qg5 (38... Qg1 $142 $19 {it becomes clear that Black will call all
the shots}) 39. Kd1 Qc5 40. Ke2 Qg1 41. Rd7 (41. Rdc2 $19 {is still a small
chance}) 41... Qxg2+ 42. Ke3 Qxb2 43. Kd4 Qd2+ 44. Kc5 Qxc3 45. Rd4 Qe3 46. e5
(46. f4 {does not help much} c3 47. Kxc6 Qxd4 48. e5 c2 49. Kc7 c1=Q+ 50. Kb7
Qd7+ 51. Kb6 Qcc6+ 52. Ka5 Qd2#) 46... Qxe5+ 47. Kb4 (47. Rd5 {does not win a
prize} Qxd5+ 48. Kb6 Qd4+ 49. Kc7 c3 50. f4 c2 51. Kb7 c1=Q 52. f5 Qd7+ 53. Ka6
Qc5 54. f6+ Kxf6 55. Ka5 Qda7#) 47... Qxd4 48. f4 (48. Ka5 {doesn't change
anything anymore} c3 49. Ka6 c2 50. f4 c1=Q 51. f5 Qf1 52. fxg6 Qxh3 53. gxf7
Qc8+ 54. Ka5 Qa8#) 48... c3+ 49. Ka5 c2 (49... Qa7+ 50. Kb4 c2 51. f5 gxf5 52.
Kc3 c1=Q+ 53. Kb4 Qc4#) 50. Ka6 c1=Q 51. Kb7 (51. f5 {does not solve anything}
Qce3 52. f6+ Kxf6 53. Kb7 Qd8 54. Kxc6 Qeb6#) 51... Qdxf4 (51... Qcc5 52. f5
Qd7+ 53. Kb8 Qf8#) 52. Ka6 (52. Ka7 {cannot undo what has already been done}
Qc7+ 53. Ka6 b4 54. axb4 Qc4+ 55. b5 Qxb5#) 52... Qb8 53. Ka5 Qc3+ (53... Qc3+
54. Ka6 Qxa3 55. Ka5 Qa7#) (53... Qc5 54. Ka6 Qbb6#) 0-1

[Event "HokkaidoChessCh2023"]
[Site "?"]
[Date "2023.03.26"]
[Round "5.6"]
[White "Ito, Katsuhide"]
[Black "Al Jbarat, Thamer"]
[Result "0-1"]
[WhiteElo "1233"]
[BlackElo "1309"]
[Annotator "Fritz 11 SE (30s)"]
[PlyCount "34"]
[SourceDate "2023.03.26"]

{B22: Sicilian: 2 c3} 1. e4 e6 2. d4 c5 3. c3 Nf6 4. Bd3 Be7 $146 {Black's
piece can't move: c8} (4... Nc6 5. e5 (5. Nf3 d5 6. e5 Nd7 7. O-O Be7 8. a3 a5
9. Re1 O-O 10. Bc2 Re8 11. Be3 b6 12. Nbd2 Ba6 13. g3 cxd4 14. cxd4 Nf8 15. Rc1
Rc8 16. h4 Na7 17. Ng5 f6 18. exf6 Bxf6 19. Qg4 Re7 {Prie,E (2508)
-Dragomirescu,R (2385) Aix les Bains 2011 0-1 (39)}) 5... Nd5 6. Nf3 cxd4 7.
cxd4 Bb4+ 8. Bd2 Qb6 9. O-O Nxd4 10. Ng5 Be7 11. Nc3 Nxc3 12. bxc3 Nc6 13. Re1
Qc5 14. Rb1 Nxe5 15. Rb5 Qd6 16. Rbxe5 Qxd3 17. R5e3 Qd5 18. Rg3 b5 19. Re4 {
Arencibia Rodriguez,W (2420)-Alzate,D (2365) Medellin 1987 1-0 (36)}) (4...
cxd4 5. cxd4 Nc6 6. Nf3 Nb4 7. O-O (7. Nc3 Nxd3+ 8. Qxd3 d6 9. O-O Be7 10. d5
e5 11. h3 O-O 12. Be3 Nh5 13. Qe2 g6 14. Rac1 Bd7 15. b4 Ng7 16. Nd2 f5 17.
exf5 Nxf5 18. Nde4 Nxe3 19. fxe3 Qb6 20. a3 Kg7 21. Rxf8 Rxf8 {Krapivin,A 
(2478)-Gerasimov,I (2354) Moscow 2010 1/2-1/2 (41)}) 7... Nxd3 8. Qxd3 d5 9. e5
Ne4 10. Nc3 Nxc3 11. bxc3 Bd7 12. Ng5 h6 13. Nh3 Qa5 14. Re1 g5 15. Bd2 Qa4 16.
f4 g4 17. Nf2 Rg8 18. Rab1 b5 19. Nd1 {Krapivin,A (2501)-Grachev,B (2655)
Moscow 2009 1/2-1/2 (36)}) 5. e5 {White threatens to win material: e5xf6} Nd5
6. Nf3 Qb6 (6... Nc6 $5 $11 {should not be overlooked}) 7. O-O (7. dxc5 Qxc5 8.
O-O O-O $16) 7... Nc6 (7... cxd4 8. cxd4 Nc6 9. Nc3 $14) 8. Bc2 (8. dxc5 Qc7 (
8... Bxc5 $2 9. b4 Bf8 10. b5 $18) 9. Be4 Bxc5 10. Bxd5 exd5 11. Qxd5 Ne7 $16)
8... h5 (8... cxd4 9. cxd4 d6 10. Nc3 $14) 9. h3 (9. dxc5 Qxc5 10. Nbd2 $16)
9... Rg8 $4 {releasing the pressure on the opponent} (9... cxd4 $142 $5 {
looks like a viable alternative} 10. Re1 dxc3 11. Nxc3 Nxc3 12. bxc3 Qa5 $11)
10. a3 (10. dxc5 $5 Qxc5 11. Nbd2 Na5 $18) 10... g5 11. Re1 $4 {gives the
opponent counterplay} (11. dxc5 Bxc5 12. b4 $14) 11... g4 $17 12. hxg4 hxg4 13.
Nh2 cxd4 (13... g3 $142 14. Nf3 cxd4 15. cxd4 gxf2+ 16. Kxf2 d6 $17) 14. Nxg4
$11 dxc3 (14... Bh4 15. Rf1 Bg5 16. Bxg5 Rxg5 17. Ra2 $11) 15. Nxc3 $14 Nxc3
16. bxc3 {Black king safety dropped} Qa5 {Black threatens to win material:
Qa5xc3} 17. Qf3 b6 0-1